| 000 | 01046nam a22003017a 4500 | ||
|---|---|---|---|
| 001 | BR7702404 | ||
| 003 | BR-BrBNA | ||
| 005 | 20230928085251.0 | ||
| 007 | ta | ||
| 008 | 230509b bl.||||| |||| 00| 0 por d | ||
| 040 |
_aBR-BrBNA _bpor _cBiblioteca Nacional de Agricultura |
||
| 041 | _a(Por) | ||
| 072 |
_aF00; P05 _b8961 _b/G514 |
||
| 090 | _ 8961 BR7702404 | ||
| 110 | 1 | _aBanco do Nordeste do Brasil S.A., Fortaleza, CE; | |
| 110 | 1 |
_aSecretaria de Planejamento da Presidencia da Republica, Brasilia, DF (Brasil); _99009 |
|
| 110 | 1 |
_aSuperintendencia do Desenvolvimento do Nordeste, Fortaleza, CE (Brasil) _910124 |
|
| 111 | 1 |
_a1. Simposio sobre Producao de Alcool no Nordeste _cFortaleza, CE (Brazil) _d10 Aug 1977 |
|
| 245 | 1 | _aAnais do 1. Simposio sobre Producao de Alcool no Nordeste [Brasil] | |
| 260 | 3 |
_aFortaleza, CE (Brasil): _c1977. |
|
| 300 | _a452 p. | ||
| 650 | _aProducao vegetal | ||
| 650 | _aRecurso energetico | ||
| 650 | _aAlcool | ||
| 650 | _aNordeste | ||
| 909 |
_a202309 _bLucia _c55 _dLucia Elande |
||
| 942 | _cBK | ||
| 999 |
_c23582 _d23582 |
||